Lanusse. Perón : El primer retorno.

Guardado en:
Formato: Deslizar
Materias:
GAN
Etiquetas: Agregar Etiqueta
Sin Etiquetas, Sea el primero en etiquetar este registro!
LEADER 00890ngm a22002535g 4500
001 CEM.cems022944
008 130507b2010##################0###0#####d
005 20241127152318.0
245 0 0 |a Lanusse. Perón :  |b El primer retorno. 
300 |a 29'. 
500 |a En soporte VHS, consultar en ventanilla. 
505 0 |a Primer retorno de Perón en 1972. La llegada de Lanusse y el GAN. La guerrilla. Perón en la Argentina. Acuerdo con los partidos políticos. El abrazo con Balbín. 
538 |a Soporte: VHS - Norma: Pal N - Color: Si - Grabación DRD 2010 - Hitachi=4690 
082 9 8 |/ DEB 
653 |a HISTORIA 
653 |a LANUSSE 
653 |a PERON 
653 |a GAN 
653 |a GUERRILLA 
653 |a BALBIN 
653 |a PARTIDOS POLITICOS 
653 |a NIVEL PRIMARIO 
653 |a NIVEL SECUNDARIO 
859 |a CEMS  |b BIB. CEMS - Depto. Recursos Didacticos  |h 982  |i DEB  |k DRD  |p 1587.12  |t Ej.1